000 00523nam a2200181Ia 4500
999 _c14117
_d14117
003 OSt
005 20201016123742.0
008 190216s9999||||xx |||||||||||||| ||und||
020 _a9780679755821
040 _coclc
082 _a364.1536
_bWRI/R
100 _aWright, Lawrence
_95802
245 0 _aRemembering Satan /
_cLawrence Wright
260 _bVintage Books,
_aNew York:
_c1994.
300 _a205p
650 _aNovel&Amp;Short Stories
942 _cBK
_2ddc
_h364.1536
_iWRI/R
_k364.1536
_mWRI/R